| Record ID | marc_records_scriblio_net/part12.dat:74088515:727 |
| Source | Scriblio |
| Download Link | /show-records/marc_records_scriblio_net/part12.dat:74088515:727?format=raw |
LEADER: 00727cam 2200229 a 4500
001 80051756
003 DLC
005 20050106125932.0
008 830701s1981 nmua 001 0 eng
010 $a 80051756
020 $a0960927808$c$12.00 (pbk.)
040 $aDLC$cDLC$dDLC
043 $an-us-nm
050 00 $aTX715$b.S612 1981
082 00 $a641.59789$219
245 00 $aSimply simpático /$cfrom the Junior League of Albuquerque, New Mexico.
260 $aAlbuquerque, N.M. (P.O. Box 8858, Albuquerque, 87108) :$bThe League,$c1981.
300 $a351 p. :$bill. ;$c24 cm.
500 $aIncludes index.
650 0 $aCookery$zNew Mexico.
651 0 $aNew Mexico$xSocial life and customs.
710 2 $aJunior League of Albuquerque.